000 00912aam a2200349 a 4500
001 84924
005 20230410130918.0
008 920324s1994 sp 000 1 spa
010 _a 92136720
035 _a(OCoLC)ocm25467200
040 _aDLC
_cDLC
_dNLGGC
020 _a8472233928
020 _a9788472233928
029 1 _aNLGGC
_b093100493
029 1 _aAU@
_b000008970037
029 1 _aAU@
_b000026604777
035 _a(OCoLC)25467200
050 1 4 _aPQ 7797
_bB616l 1994
082 0 0 _a863
049 _aGRAL
100 1 _aBioy Casares, Adolfo,
_d1914-1999.
245 1 3 _aEl lado de la sombra /
_cAdolfo Bioy Casares.
250 _a2a ed.
260 _aBarcelona :
_bTusquets,
_c1994.
300 _a226 p. ;
_c21 cm.
490 0 _aColección Andanzas ;
_v152
942 _2lcc
_cbk
994 _aC0
_bDRFGD
650 4 _aCES
650 4 _aColección Enriquillo Sánchez
946 _asadt
999 _c82616
_d82616